Los hoteles pensión en la Ciudad de Buenos Aires : (Record no. 10367)

MARC details
000 -LEADER
fixed length control field 00715nam a22001817a 4500
008 - FIXED-LENGTH DATA ELEMENTS--GENERAL INFORMATION
fixed length control field 240902b ||||| |||| 00| 0 spa d
020 ## - INTERNATIONAL STANDARD BOOK NUMBER
International Standard Book Number 978-987-3779-47-3
082 14 - DEWEY DECIMAL CLASSIFICATION NUMBER
Edition number 14
Classification number 363.5
100 1# - MAIN ENTRY--PERSONAL NAME
9 (RLIN) 20610
Personal name Toscani, María de la Paz
245 14 - TITLE STATEMENT
Title Los hoteles pensión en la Ciudad de Buenos Aires :
Remainder of title precariedad hanitacional, desalojos y procesos organizativos en el barrio Constitución. /
Statement of responsibility, etc María de la Paz Toscani.
260 ## - PUBLICATION, DISTRIBUTION, ETC. (IMPRINT)
Place of publication, distribution, etc Buenos Aires :
Name of publisher, distributor, etc Bisman Ediciones,
Date of publication, distribution, etc 2021.
300 ## - PHYSICAL DESCRIPTION
Extent 263 p.
650 #0 - SUBJECT ADDED ENTRY--TOPICAL TERM
Source of heading or term unescot
9 (RLIN) 6482
Topical term or geographic name as entry element HABITAT
650 #0 - SUBJECT ADDED ENTRY--TOPICAL TERM
9 (RLIN) 6294
Topical term or geographic name as entry element VIVIENDA SOCIAL
651 #0 - SUBJECT ADDED ENTRY--GEOGRAPHIC NAME
9 (RLIN) 1330
Geographic name CIUDAD AUTONOMA DE BUENOS AIRES (Argentina)
942 ## - ADDED ENTRY ELEMENTS (KOHA)
Source of classification or shelving scheme Dewey Decimal Classification
Item type Libro, folleto, traducción
980 ## - EQUIVALENCE OR CROSS-REFERENCE-SERIES STATEMENT--PERSONAL NAME/TITLE [LOCAL, CANADA]
Linkage 2
Personal name Virginia Figueroa
Field link and sequence number 2
Miscellaneous information Virginia Figueroa
Holdings
Withdrawn status Lost status Source of classification or shelving scheme Damaged status Not for loan Home library Current library Date acquired Source of acquisition Full call number Barcode Date last seen Price effective from Koha item type
    Dewey Decimal Classification     Biblioteca Central Biblioteca Central 02/09/2024 Donación 363.5 TOS UNAJ24090001 17/03/2025 02/09/2024 Libro, folleto, traducción

Lunes a Viernes 8:30 a 19:00 hs. Cerrado por mudanza
Av.Calchaqui 6200 Florencio Varela (CP188) 2°piso Edificio Mosconi Aula 209-210
Mail: bibliotecacentralunaj@gmail.com  
Whatsapp(54 9)1122668024    ❔Pregunte a la bibliotecaria
© Universidad Nacional Arturo Jauretche | Secretaría Académica | Biblioteca Central UNAJ